| 000 | 01417cam a2200397 a 4500 | ||
|---|---|---|---|
| 001 | data | ||
| 005 | 20260322212103.0 | ||
| 008 | data | ||
| 035 | _a13262417 | ||
| 906 |
_a7 _bcbc _corigcop _d2 _encip _f20 _gy-gencatlg |
||
| 925 | 0 |
_aacquire _b2 shelf copies _xpolicy default |
|
| 955 |
_djc15 2003-07-10 _ejc03 2003-07-14 to Dewey |
||
| 010 | _a 2003272020 | ||
| 020 | _a0323018874 | ||
| 020 | _a9780323018876 | ||
| 040 |
_aDLC _cDLC _dDLC |
||
| 050 | 0 | 0 |
_aRK529 _b.C66 2003 |
| 082 | 0 | 0 |
_a617.5/22059 _222 |
| 245 | 0 | 0 |
_aContemporary oral and maxillofacial surgery / _csenior editor, Larry J. Peterson ; associate editors, Edward Ellis III, James R. Hupp, Myron R. Tucker. |
| 246 | 3 | 0 | _aOral and maxillofacial surgery |
| 250 | _a4th ed. | ||
| 260 |
_aSt. Louis : _bMosby, _cc2003. |
||
| 300 |
_axviii, 776 p. : _bill. (some col.) ; _c29 cm. |
||
| 336 |
_atext _btxt _2rdacontent |
||
| 337 |
_aunmediated _bn _2rdamedia |
||
| 338 |
_avolume _bnc _2rdacarrier |
||
| 504 | _aIncludes bibliographical references and index. | ||
| 650 | 0 |
_aMouth _xSurgery. |
|
| 650 | 0 |
_aMaxilla _xSurgery. |
|
| 650 | 0 |
_aFace _xSurgery. |
|
| 650 | 1 | 2 | _aSurgery, Oral. |
| 650 | 2 | 2 |
_aMaxilla _xsurgery. |
| 650 | 2 | 2 |
_aFace _xsurgery. |
| 700 | 1 |
_aPeterson, Larry J., _d1942- |
|
| 999 |
_c1496 _d1496 |
||